Statistics for St Louis or Chicago?

Click here to take the quiz!

General Stats

  • This quiz has been taken 81 times
  • The average score is 9 of 12

Answer Stats

QuestionAnswer% Correct
Which city experienced a "great fire" in 1871?Chicago
100%
McDonalds and United Airlines have their headquarters here.Chicago
95%
The city in which the name means "garlic or onion field"Chicago
93%
Which city hosted the 1904 World's Fair and Summer Olympics?St Louis
86%
Which city is known for its toasted ravioli, barbeque pork steaks, and slingers?St Louis
86%
Which city has the most MLB World Series wins? (Cubs & White Sox vs Cardinals)St Louis
83%
Which city is closest to the Nation's capital, Washington, D.C?Chicago
74%
Which city was founded first?St Louis
71%
Which city had more people in 1870?St Louis
66%
Where was 7-UP invented?St Louis
59%
Which city has a higher elevation?Chicago
40%
Which city receives less average rainfall by inches of rain annually?Chicago
29%

Score Distribution

Percentile by Number Answered

Percent of People with Each Score

Your Score History

You have not taken this quiz